Normal view MARC view
  • Ott, Walter R.

Entry Personal Name

Number of records used in: 1

001 - CONTROL NUMBER

  • control field: 886

003 - CONTROL NUMBER IDENTIFIER

  • control field: DLC

005 - DATE AND TIME OF LATEST TRANSACTION

  • control field: 20231016141818.0

008 - FIXED-LENGTH DATA ELEMENTS

  • fixed length control field: 030424n| acannaabn |n aaa

010 ## - LIBRARY OF CONGRESS CONTROL NUMBER

  • LC control number: n 2003039485

035 ## - SYSTEM CONTROL NUMBER

  • System control number: (OCoLC)oca06034260

040 ## - CATALOGING SOURCE

  • Original cataloging agency: DLC
  • Language of cataloging: eng
  • Transcribing agency: DLC
  • Modifying agency: WaU

100 1# - HEADING--PERSONAL NAME

  • Personal name: Ott, Walter R.

370 ## - ASSOCIATED PLACE

  • Associated country: United States
  • Source of term: naf

372 ## - FIELD OF ACTIVITY

  • Field of activity: Philosophy
  • Source of term: lcsh

373 ## - ASSOCIATED GROUP

  • Associated group: East Tennessee State University
  • Associated group: University of Virginia
  • Source of term: naf

374 ## - OCCUPATION

  • Occupation: University and college faculty members
  • Source of term: lcdgt

375 ## - GENDER

  • Gender: Males
  • Source of term: lcdgt

377 ## - ASSOCIATED LANGUAGE

  • Language code: eng

378 ## - FULLER FORM OF PERSONAL NAME

  • Fuller form of personal name: Walter Richard

670 ## - SOURCE DATA FOUND

  • Source citation: Ott, Walter R. Locke's philosophy of language, 2003:
  • Information found: CIP t.p. (Walter R. Ott; East Tennesse State University)

670 ## - SOURCE DATA FOUND

  • Source citation: OCLC search, November 7, 2018
  • Information found: (access points: Ott, Walter Richard; Ott, Walter R.; usage: Walter Richard Ott, Jr., Walter R. Ott, Walter Ott)

670 ## - SOURCE DATA FOUND

  • Source citation: Ott, Walter R. Descartes, Malebranche, and the crisis of perception, 2017:
  • Information found: book jacket (associate professor of philosophy at the University of Virginia)